Welcome to the Holygrace Academy Library

Please use search bar below to get started

GO TO HOSPITAL (Record no. 4127)

MARC details
000 -LEADER
fixed length control field 00227nam a22001097a 4500
020 ## - INTERNATIONAL STANDARD BOOK NUMBER
ISBN 1-9043-5126
082 ## - DEWEY DECIMAL CLASSIFICATION NUMBER
Classification number 823
Item number JEA/G
245 ## - TITLE STATEMENT
Title GO TO HOSPITAL
260 ## - PUBLICATION, DISTRIBUTION, ETC. (IMPRINT)
Place of publication UK
Name of publisher LADYBIRD
650 ## - SUBJECT ADDED ENTRY--TOPICAL TERM
Topical Term ENGLISH SHORT STORY
Geographic subdivision UK
942 ## - ADDED ENTRY ELEMENTS (KOHA)
Koha item type Books
Holdings
Withdrawn status Lost status Collection code Home library Current library Shelving location Date acquired Source of acquisition Full call number Accession Number Koha item type
    Fiction Main Library Main Library SHELF-3-H-LADYBIRD STORY BOOKS 09/05/2014 PURCHASE 823 JEA/G 08765 Books